[Event "Warsaw YMCA Autumn-C 176th"]
[Site "Warsaw"]
[Date "2016.11.23"]
[Round "10"]
[White "Wrabel, Antoni"]
[Black "Binkowski, Szymon"]
[Result "1/2-1/2"]
[WhiteElo "1637"]
[BlackElo "1559"]
[PlyCount "99"]
[EventDate "2016.09.20"]
[EventType "tourn"]
[EventRounds "13"]
[EventCountry "POL"]
[SourceTitle "EXT 2019"]
[Source "ChessBase"]
[SourceDate "2018.10.10"]
[SourceVersion "1"]
[SourceVersionDate "2018.10.10"]
[SourceQuality "1"]

1. e4 e6 2. d4 d5 3. e5 c5 4. c3 Qb6 5. Nf3 Nc6 6. Be2 cxd4 7. cxd4 Nge7 8. Na3 Nf5 9. Nc2 Bb4+ 10. Kf1 Be7 11. h4 Bd7 12. Rb1 f6 13. g4 Nh6 14. exf6 Bxf6 15. g5 Bxd4 16. Nfxd4 Nf7 17. Be3 Qc7 18. Bg4 e5 19. Nb5 Qc8 20. Bxd7+ Qxd7 21. Qe2 0-0 22. h5 Qf5 23. Rd1 d4 24. g6 hxg6 25. hxg6 Qxg6 26. Bc1 a6 27. Nba3 Nd6 28. Rd3 Ne4 29. Rg1 Qf5 30. Rdg3 Nxg3+ 31. Rxg3 Rad8 32. Ne1 e4 33. Nc4 Rfe8 34. Qg4 Qxg4 35. Rxg4 Ne5 36. Nxe5 Rxe5 37. Bh6 Rd7 38. Ke2 Kf8 39. Bd2 Rf7 40. Rf4 Rxf4 41. Bxf4 Rb5 42. b3 Ke7 43. Kd2 Ra5 44. a4 Rf5 45. Bg3 b5 46. Nc2 Rd5 47. Nb4 Rh5 48. Nc6+ Ke6 49. axb5 axb5 50. Nxd4+ 1/2-1/2